000 00391nam a22001817a 4500
003 OSt
005 20211228151917.0
008 211228b |||||||| |||| 00| 0 eng d
020 _a8120328035
040 _cHU
082 _a005.133
100 _aDeitel M. H.
_925760
245 _aC++ How To Program
250 _a5th
260 _aNew Delhi
300 _f1436
942 _2ddc
_cBOOKS
_n0
999 _c24692
_d24692